| 000 | 00775nam a2200253 a 4500 | ||
|---|---|---|---|
| 001 | BRCA_6249 | ||
| 005 | 20190320205402.0 | ||
| 008 | 210711s1932----u--#######---#000-0#eng-# | ||
| 041 | _aeng | ||
| 044 | _au | ||
| 050 | 4 |
_aF286 _b.L68 1932 |
|
| 100 | 1 |
_aLovell, Caroline Couper _915692 |
|
| 245 | 1 | 0 |
_aThe golden isles of Georgia _cCaroline Couper Lovell. |
| 260 |
_aBoston _bLittle, Brown & Co. _cc1932 |
||
| 300 |
_avii, 300 p. _bil. _c21 cm. |
||
| 500 | _aIncluye índice alfabético e índice de ilustraciones | ||
| 500 | _aK109 | ||
| 651 | 4 |
_aGeorgia, Estados Unidos _xHistoria _915693 |
|
| 651 | 4 |
_aGeorgia, Estados Unidos _xVida social y costumbres _915694 |
|
| 651 | 4 |
_aSt. Simon, Isla _915695 |
|
| 651 | 4 |
_aSapelo, Isla _915696 |
|
| 902 | _aGFM | ||
| 942 |
_2lcc _cB |
||
| 999 |
_c5936 _d5936 |
||